Biggest towns of Midlothian - Statistics

General Stats
  • This quiz has been taken 105 times
    67 since last reset
  • The average score is 6 of 10
Answer Stats
Population Town % Correct
14,360 Dalkeith
98%
16,510 Penicuik
98%
18,460 Bonnyrigg
88%
8,180 Gorebridge
63%
13,530 Mayfield
60%
6,880 Loanhead
53%
5.431 Newtongrange
53%
1,770 Roslin
48%
2,170 Rosewell
28%
3,200 Danderhall
25%
No matching quizzes found
Score Distribution
Percent of People with Each Score
Percentile by Number Answered
Your Score History
You have not taken this quiz since the last reset